| Tag |
First Indicator |
Second Indicator |
Subfields |
| LEADER |
00000cam a22000005i 4500 |
| 001 |
in00003730213 |
| 005 |
20210728130253.0 |
| 006 |
m o d |
| 007 |
cr nn 008mamaa |
| 008 |
151212s2006 xxu| o |||| 0|eng d |
| 020 |
|
|
|a 9781403983107
|9 978-1-4039-8310-7
|
| 024 |
7 |
|
|a 10.1057/9781403983107
|2 doi
|
| 035 |
|
|
|a (DE-He213)978-1-4039-8310-7
|
| 035 |
|
|
|a 5310207
|
| 040 |
|
|
|d UtOrBLW
|
| 072 |
|
7 |
|a JFSJ
|2 bicssc
|
| 072 |
|
7 |
|a SOC032000
|2 bisacsh
|
| 082 |
0 |
4 |
|a 305.3
|2 23
|
| 090 |
|
|
|a BT83.55
|b B456 2006
|
| 245 |
0 |
0 |
|a Being Feminist, Being Christian :
|b Essays from Academia /
|c edited by Allyson Jule, Bettina Tate Pedersen.
|
| 264 |
|
1 |
|a New York :
|b Palgrave Macmillan US :
|b Imprint: Palgrave Macmillan,
|c 2006.
|
| 300 |
|
|
|a 1 online resource (224 pages)
|
| 336 |
|
|
|a text
|b txt
|2 rdacontent
|
| 337 |
|
|
|a computer
|b c
|2 rdamedia
|
| 338 |
|
|
|a online resource
|b cr
|2 rdacarrier
|
| 347 |
|
|
|a text file
|b PDF
|2 rda
|
| 500 |
|
|
|a Electronic resource.
|
| 520 |
|
|
|a Can a person be Christian and Feminist at the same time? In these extended essays, authors explore the various intersections of feminism, feminist theory and practice, and Christian tradition as it is lived out in the lives of Christian academics.
|
| 650 |
1 |
4 |
|a Social Sciences.
|
| 650 |
2 |
4 |
|a Christianity.
|
| 650 |
2 |
4 |
|a Feminism.
|
| 650 |
2 |
4 |
|a Gender Studies.
|
| 650 |
2 |
4 |
|a Philosophy of Religion.
|
| 650 |
2 |
4 |
|a Religion and Gender.
|
| 650 |
2 |
4 |
|a Sociology of Religion.
|
| 650 |
|
0 |
|a Christianity.
|0 http://id.loc.gov/authorities/subjects/sh85025219
|
| 650 |
|
0 |
|a Feminist theory.
|0 http://id.loc.gov/authorities/subjects/sh90002282
|
| 650 |
|
0 |
|a Gender expression.
|0 http://id.loc.gov/authorities/subjects/sh2011002609
|
| 650 |
|
0 |
|a Gender identity
|x Religious aspects.
|0 http://id.loc.gov/authorities/subjects/sh2014100172
|
| 650 |
|
0 |
|a Gender identity.
|0 http://id.loc.gov/authorities/subjects/sh91003756
|
| 650 |
|
0 |
|a Religion and sociology.
|0 http://id.loc.gov/authorities/subjects/sh85112587
|
| 650 |
|
0 |
|a Religion
|x Philosophy.
|0 http://id.loc.gov/authorities/subjects/sh85112554
|
| 650 |
|
0 |
|a Sex (Psychology)
|0 http://id.loc.gov/authorities/subjects/sh85120562
|
| 650 |
|
0 |
|a Social sciences.
|0 http://id.loc.gov/authorities/subjects/sh85124003
|
| 650 |
|
0 |
|a Sociology.
|0 http://id.loc.gov/authorities/subjects/sh85124200
|
| 655 |
|
7 |
|a Electronic books.
|2 local
|
| 700 |
1 |
|
|a Jule, Allyson,
|e editor.
|
| 700 |
1 |
|
|a Pedersen, Bettina Tate,
|e editor.
|0 http://id.loc.gov/authorities/names/n2005081345
|
| 710 |
2 |
|
|a SpringerLink (Online service)
|0 http://id.loc.gov/authorities/names/no2005046756
|
| 773 |
0 |
|
|t Springer eBooks
|
| 776 |
1 |
8 |
|i Printed edition:
|z 9780230606449
|
| 856 |
4 |
0 |
|u http://proxy.library.tamu.edu/login?url=https://dx.doi.org/10.1057/9781403983107
|z Connect to the full text of this electronic book
|t 0
|
| 999 |
f |
f |
|s 0b2b13e7-ba82-3e22-9773-036c7d93aa40
|i 9db4cd82-9224-3c56-bfd4-be0e5e655967
|t 0
|
| 952 |
f |
f |
|a Texas A&M University
|b College Station
|c Electronic Resources
|d Available Online
|t 0
|e BT83.55 B456 2006
|h Library of Congress classification
|
| 998 |
f |
f |
|a BT83.55 B456 2006
|t 0
|l Available Online
|